Tecnología para el sector informal urbano (Registro nro. 26732)

Detalles MARC
000 -LEADER
fixed length control field 00340 a2200109 4500
001 - CONTROL NUMBER
control field ART_13548
005 - DATE AND TIME OF LATEST TRANSACTION
control field 20260410161910.0
008 - FIXED-LENGTH DATA ELEMENTS--GENERAL INFORMATION
fixed length control field 260409a
100 1# - MAIN ENTRY--PERSONAL NAME
Personal name Tokman, Víctor E.
245 10 - TITLE STATEMENT
Title Tecnología para el sector informal urbano
773 0# - HOST ITEM ENTRY
Title Demografía y economía
Related parts - Vol. XII, Nº 35 (mayo/ago. 1978)
Record control number REV13200

No hay ítems disponibles.